000 00729cam a2200289 i 4500
001 0000863
003 DO-SdBPM
005 20250528110122.0
007 0000863
008 100514s 201u sp a | |||| 000 f spa
015 _a
017 _a
_b
020 _a8430571256
035 _a
040 _aDO-SdBPM
_bspa
_cBPMSU
_e
080 _a
082 4 _a808.83
_bB638
_222
245 0 0 _aBlancanieves
_h
260 _aMadrid, España :
_bSusaeta ediciones,
_c[201-].
300 _a[16] p.:
_bil.
_c30 cm.
490 0 _aArlequín
590 _aInventariado, 2025/VM
650 4 _aCuentos infantiles
650 4 _aLibros ilustrados para niños
910 _aVMateo V. Control de calidad BPMSU
942 _2ddc
_cBK
999 _c12243
_d12243